Lisp <Eine> Einführung in die Programierung

Guardado en:
Detalles Bibliográficos
Autor principal: Stoyan, Herbert
Otros Autores: Görz, Günter
Formato: Libro
Lenguaje:alemán
Publicado: Berlin Springer 1986
Edición:1. Aufl.
Etiquetas: Agregar Etiqueta
Sin Etiquetas, Sea el primero en etiquetar este registro!

MARC

LEADER 00000nam a2200000 4500
001 c033751
005 20221220071915.5
041 0 |a ger 
044 |a DE 
245 1 0 |a Lisp  |b <Eine> Einführung in die Programierung  |c Herbert Stoyan, Günter Görz 
250 |a 1. Aufl. 
264 1 |a Berlin  |b Springer  |c 1986 
300 |a 358 s. 
100 1 |a Stoyan, Herbert 
700 1 |a Görz, Günter